000 01402nam a22002177a 4500
999 _c58008
_d58008
003 Ge_BSU
005 20240325111208.0
008 210421s2020 ||||| |||| 00| 0 geo d
020 _a24492507
041 _ageo
080 _a378(063) ს-32
245 _aსაქართველოს მეცნიერებათა ეროვნული აკადემიის აჭარის ავტონომიური რესპუბლიკის რეგიონული სამეცნიერო ცენტრის :
_bშრომები : VI :Transactions /
_cმთ.რედ. ვანო პაპუმიძე ; სარედ.კოლეგ : მამია ფაღავა ; მარინე აროშიძე ; [და სხვ]
264 _aბათუმი,
_c2020.
300 _a193 გვ.:
_c29 სმ.
653 _aშრომები
700 _a პაპუმიძე, ვანო
_eმთავარი რედაქტორი
_911482
700 _aფაღავა, მამია
_eსარედაქციო კოლეგია
_911483
700 _a აროშიძე, მარინა
_eსარედაქციო კოლეგია
_911484
856 _uhttp://science.org.ge/wp-content/uploads/2021/04/ajara-works-VI_compressed.pdf
_yელ. ვერსია pdf
942 _2udc
_cBK